000 00286nam a2200085Ia 4500
245 0 _aThe power of body language : how to succeed in every business and social encounter
100 _a Reiman, Tonya New York, 2009
_976559
942 _cBK
008 210819s9999 xx 000 0 und d
999 _c284901
_d284900